| LEADER | 00916nam a2200253 a 4500 | ||
|---|---|---|---|
| 001 | GR-MES3877 | ||
| 008 | 991111s1997 gr 000 0 gre d | ||
| 040 | |a GrPaTEI |b gre |c GR-PaULI | ||
| 245 | 0 | 0 | |a Στοιχεία οικονομίας και οργάνωση εργασίας. |
| 250 | |a 2η | ||
| 260 | |a Αθήνα : |b Ιων, |c 1997 | ||
| 300 | |a 141σελ. | ||
| 650 | 4 | |a Ανεργία | |
| 650 | 4 | |a ΕΡΓΑΣΙΑ | |
| 650 | 4 | |a Οικονομία | |
| 650 | 4 | |a Πολιτική οικονομία | |
| 650 | 4 | |a Χρήμα | |
| 700 | 1 | |a Καρακούση, Α. | |
| 700 | 1 | |a Λουκοπούλου, Κ. | |
| 710 | 0 | |a Ιων | |
| 942 | |2 ddc | ||
| 952 | |0 0 |1 0 |2 ddc |4 0 |6 338_900000000000000_ΚΑΡ |7 0 |9 268482 |a MSLG |b MSLG |c BSC |d 2021-01-17 |e 24 |f 0 |g 0.00 |l 0 |o 338.9 ΚΑΡ |p 2420000009475 |r 2021-01-17 00:00:00 |t 1 |w 2021-01-17 |y BK15 |x 19991111 0 1 |x GrPaTEI | ||
| 971 | |a .b25749237 |b 16-04-20 |c 13-09-16 | ||
| 999 | |c 154717 |d 154717 | ||